Automatizovaný systém návrhu vizuálnej reprezentácie kurzov v Moodle

Enregistré dans:
Détails bibliographiques
Auteur principal: Hanula, Martin, 1984- (Auteur)
Autres auteurs: Bisták, Pavol (Directeur de thèse)
Format: Manuscrit Livre
Langue:slovaque
Publié: Bratislava : STU v Bratislave FEI, 2010
Sujets:
Accès en ligne:VAIS
Tags: Ajouter un tag
Pas de tags, Soyez le premier à ajouter un tag!

MARC

LEADER 00000ntm a22000003a 4500
001 stu209610
005 20160502114205.9
008 100818s2010------------------------slo-d
040 |a STU  |b slo 
041 0 |a slo 
100 1 |a Hanula, Martin,  |d 1984-  |4 aut  |u E  |T FEI Fakulta elektrotechniky a informatiky  |X 11426  |U E  |Y 30  |7 A000011426 
242 0 0 |a Automated system for a visual representation of the course in e-learning system Moodle  |y eng 
245 1 |a Automatizovaný systém návrhu vizuálnej reprezentácie kurzov v Moodle 
260 |a Bratislava :  |b STU v Bratislave FEI,  |c 2010 
300 |a 42 s 
650 7 |a Aplikovaná informatika  |2 stusub 
650 7 |a e-learning  |2 estusub 
650 7 |a e-learning  |2 estusub 
650 7 |a automatizované systémy riadenia  |2 stusub 
650 7 |a e-vzdelávanie  |2 stusub 
650 7 |a prezentácie  |2 stusub 
700 1 |a Bisták, Pavol  |4 ths  |u E010  |T FEI Ústav riadenia a priemyselnej informatiky  |X 3708  |U E010  |Y E010  |7 A000003708 
856 4 |a info a plný text  |u http://is.stuba.sk/zp/portal_zp.pl?podrobnosti=61332  |3 VAIS